书目信息 |
| 题名: |
维京传奇
|
|
| 作者: | 布朗沃思 著 ;豆岩 , 陈丽 译 | |
| 分册: | ||
| 出版信息: | 北京 中信出版社集团股份有限公司 2016 |
|
| 页数: | 34,262页 | |
| 开本: | 21cm | |
| 丛书名: | ||
| 单 册: | ||
| 中图分类: | K530.9 | |
| 科图分类: | ||
| 主题词: | ||
| 电子资源: | ||
| ISBN: | 978-7-5086-6845-1 | |
| 000 | 01284nam0 2200289 450 | |
| 001 | 012001003692 | |
| 005 | 20140926114740.0 | |
| 010 | @a978-7-5086-6845-1@b精装@dCNY42.00 | |
| 100 | @a20170215d2016 em y0chiy50 ea | |
| 101 | 1 | @achi@ceng |
| 102 | @aCN@b110000 | |
| 105 | @ab z 000yy | |
| 106 | @ar | |
| 200 | 1 | @a维京传奇@9wei jing chuan qi@e来自海上的战狼@dA history of the Vikings@ethe sea wolves@f(美)拉尔斯·布朗沃思(Lars Brownworth)著@g豆岩,陈丽译@zeng |
| 210 | @a北京@c中信出版社集团股份有限公司@d2016 | |
| 215 | @a34,262页@c地图@d21cm | |
| 300 | @a本书限中国大陆发行 | |
| 300 | @a欧洲中世纪三部曲 新思·观察家 | |
| 330 | @a本书讲述了维京人在公元8世纪到13世纪的兴衰史,呈现中世纪欧洲最为野性的一面。维京人是著名的北欧海盗,从公元9世纪开始大约300年中,他们在欧陆各处大肆抢劫、破坏,很少失手。维京人用这种方式摧垮了强大的查理曼帝国,使得人们组织成更能有效组织防御的封建小国。这样,一群不信基督的海盗用一种残酷的方式永远改变了欧洲。 | |
| 510 | 1 | @aHistory of the Vikings@ethe sea wolves@zeng |
| 607 | @a北欧@x中世纪史@j通俗读物 | |
| 690 | @aK530.9@v5 | |
| 701 | 0 | @c(美)@a布朗沃思@9bu lang wo si@c(Brownworth, Lars)@4著 |
| 702 | 0 | @a豆岩@9dou yan@4译 |
| 702 | 0 | @a陈丽@9chen li@4译 |
| 801 | 0 | @aCN@b上海新华@c20180901 |
| 905 | @b1159970-4@dK530.9@e3@f5 | |
| 维京传奇:来自海上的战狼=A history of the Vikings:the sea wolves/(美)拉尔斯·布朗沃思(Lars Brownworth)著/豆岩,陈丽译.-北京:中信出版社集团股份有限公司,2016 |
| 34,262页:地图;21cm |
| 本书限中国大陆发行.-欧洲中世纪三部曲 新思·观察家 |
| ISBN 978-7-5086-6845-1(精装):CNY42.00 |
| 本书讲述了维京人在公元8世纪到13世纪的兴衰史,呈现中世纪欧洲最为野性的一面。维京人是著名的北欧海盗,从公元9世纪开始大约300年中,他们在欧陆各处大肆抢劫、破坏,很少失手。维京人用这种方式摧垮了强大的查理曼帝国,使得人们组织成更能有效组织防御的封建小国。这样,一群不信基督的海盗用一种残酷的方式永远改变了欧洲。 |
| ● |
| 相关链接 |
|
|
|
|
正题名:维京传奇
索取号:K530.9/3
 
预约/预借
| 序号 | 登录号 | 条形码 | 馆藏地/架位号 | 状态 | 备注 |
| 1 | 1159970 | 211599705 | 第二样本阅览室/ [索取号:K530.9/3] | 在馆 | |
| 2 | 1159971 | 211599714 | 史法系资料室/ [索取号:K530.9/3] | 在馆 | |
| 3 | 1159972 | 211599723 | 第二借阅区/ [索取号:K530.9/3] | 在馆 | |
| 4 | 1159973 | 211599732 | 第二借阅区/ [索取号:K530.9/3] | 在馆 | |
| 5 | 1159974 | 211599741 | 第二借阅区/ [索取号:K530.9/3] | 在馆 |